000 00563nam a22002057a 4500
003 OSt
005 20251106082610.0
008 251106b |||||||| |||| 00| 0 eng d
020 _a978-0-451-47527-5
040 _aDWCL - Main Lib
_cOC
082 _aF W259b 2016
100 _aWard, J.R.
245 _aThe Bourbon Kings /
_cJ.R. Ward
260 _aNew York City, NY :
_bNew American Library,
_cc2016.
300 _a455 pages ;
_c17cm.
490 _aThe Bourbon Kings Series
650 _a1. Fiction
650 _a2. Love Stories
942 _2ddc
_cFIC.
_mF
_n0
999 _c5628
_d5628